000 01012nam a2200265 a 4500
001 000010213
005 20240229073949.0
008 091005s1998 dr ac 001 0 spa d
040 _aDO-SdBNP
_bspa
_cBNPHU
082 _aRD861.44
_bH557g, 1998
100 _aHernández Rueda, Lupo,
_d1930-2017
_923790
245 1 3 _aLa generación del 48 /
_cLupo Hernández Rueda; presentación José Rafael Lantigua.
250 _a3a ed.
260 _aSanto Domingo :
_bComisión Permanente Feria Nacional del Libro,
_c1998.
300 _a2 v. :
_bil., retrs. ;
_c23 cm.
500 _aLa biblioteca posee v. 1 y 2
500 _aIncluye índice
500 _aIncluye datos biográficos del autor en la solapa
505 0 _gv. 1
_tLa historia --
_gv.2
_tLa poesía (antología).
590 _aInventariado, 2018/LP
650 0 _aPoesía dominicana
_966
650 4 _aLiteratura dominicana
_xHistoria y crítica
_9159
700 1 2 _aLantigua, José Rafael,
_d1949-
_eprest.
_91438
910 _aValidado. Control de calidad BNPHU
999 _c9972
_d9972